[Event "Irish Championship 2020"]
[Site "Dublin"]
[Date "2020.08.06"]
[Round "6.8"]
[White "Casey, Eoghan"]
[Black "Putar, Leon"]
[Result "0-1"]
[WhiteElo "1954"]
[BlackElo "1894"]
[Annotator "RC"]
[PlyCount "64"]
[EventDate "2020.08.01"]
[EventType "swiss"]
[EventCountry "IRL"]
[SourceTitle "playchess.com"]
[Source "ChessBase"]
[SourceQuality "1"]
[TimeControl "8100+35"]

1. d4 {[%emt 0:00:00]} Nf6 {[%emt 0:00:00]} 2. Bf4 {[%emt 0:00:00]} g6 {[%emt 0:00:08]} 3. Nc3 {[%emt 0:00:00]} d5 {[%emt 0:00:26]} 4. e3 {[%emt 0:00:00]} Bg7 {[%emt 0:00:30]} 5. h4 {[%emt 0:00:00]} h5 {[%emt 0:00:44]} 6. Nf3 {[%emt 0:00:17]} O-O {[%emt 0:01:43]} 7. Ne5 {[%emt 0:07:14]} c5 {[%emt 0:04:45]} 8. Be2 {[%emt 0:02:54]} Nc6 {[%emt 0:02:16]} 9. Qd2 {[%emt 0:12:16]} Bf5 {[%emt 0:16:11]} 10. g4 {[%emt 0:08:40]} hxg4 {[%emt 0:02:50]} 11. h5 {[%emt 0:18:05]} Nxh5 {[%emt 0:09:31]} 12. Rxh5 {[%emt 0:12:39]} gxh5 {[%emt 0:02:52]} 13. O-O-O {[%emt 0:21:56]} cxd4 {[%emt 0:03:35]} 14. exd4 {[%emt 0:01:07]} Nxe5 {[%emt 0:18:15]} 15. dxe5 {[%emt 0:07:25]} Rc8 {[%emt 0:07:07]} 16. Bd3 {[%emt 0:13:03]} Bxd3 {[%emt 0:08:25]} 17. Qxd3 {[%emt 0:00:32]} e6 {[%emt 0:00:24]} 18. Rh1 {[%emt 0:04:27]} h4 {[%emt 0:00:59]} 19. Bg3 {[%emt 0:10:19]} Qg5+ {[%emt 0:03:03]} 20. Kb1 {[%emt 0:03:28]} h3 {[%emt 0:00:44]} 21. f3 {[%emt 0:02:30]} f5 {[%emt 0:03:07]} 22. exf6 {[%emt 0:00:47]} Rxf6 {[%emt 0:01:14]} 23. fxg4 {[%emt 0:00:57]} Qxg4 {[%emt 0:01:42]} 24. Rg1 {[%emt 0:07:50]} Rf3 {[%emt 0:06:52]} 25. Qe2 {[%emt 0:02:55]} Rxg3 {[%emt 0:10:08]} 26. Rxg3 {[%emt 0:00:24]} Qxg3 {[%emt 0:00:31]} 27. Qxe6+ {[%emt 0:00:23]} Kh7 {[%emt 0:00:12]} 28. Qf5+ {[%emt 0:00:15]} Kh6 {[%emt 0:00:09]} 29. Qe6+ {[%emt 0:00:31]} Qg6 {[%emt 0:00:54]} 30. Qxh3+ {[%emt 0:00:25]} Qh5 {[%emt 0:00:16]} 31. Qe3+ {[%emt 0:05:08]} Kh7 {[%emt 0:00:20]} 32. Qd3+ {[%emt 0:00:16]} Kh8 {[%emt 0:00:08]} 0-1

[Event "Irish Championship 2020"]
[Site "Dublin"]
[Date "2020.08.06"]
[Round "6.9"]
[White "Collins, Sam E."]
[Black "O`Gorman, Tom"]
[Result "0-1"]
[WhiteElo "2459"]
[BlackElo "2345"]
[Annotator "TA"]
[PlyCount "120"]
[EventDate "2020.08.01"]
[EventType "swiss"]
[EventCountry "IRL"]
[SourceTitle "playchess.com"]
[Source "ChessBase"]
[SourceQuality "1"]

{[%evp 14,120,4,10,30,32,25,27,26,18,8,-43,-35,-21,0,-5,0,0,0,0,0,0,0,0,0,-119,-117,-114,-122,-133,-122,-126,-126,-126,-126,-126,-126,-126,-126,-126,-126,-120,-127,-137,-118,-150,-156,-170,-163,-161,-160,-253,-245,-290,-265,-306,-304,-366,-231,-345,-189,-691,-677,-1002,-1002,-946,-941,-1131,-1085,-1850,-1802,-1028,-676,-618,-406,-5535,-3643,-2445,-2199,-29974,-29971,-29975,-29976,-29985,-29985,-29986,-29983,-29983,-29984,-29983,-29985,-29985,-29986,-29986,-29980,-29980,-29981,-29981,-29982,-29982,-29981,-29971,-111,-29983,-29984,-29984,-29985,-29990,-29991]} 1. d4 Nf6 2. Bg5 d5 3. e3 e6 4. Nf3 c5 5. c3 Nc6 6. Nbd2 h6 7. Bh4 Be7 8. Bd3 Qc7 {D03: 1 d4 d5 2 Nf3 Nf6 3 Bg5, including Torre Attack with early ...d5.} 9. O-O b6 10. Rc1 O-O {White has an edge.} 11. Qe2 {[#]} Bb7 $146 ({Predecessor:} 11... e5 12. dxe5 Ng4 13. Bg3 Ngxe5 14. e4 Nxf3+ 15. Nxf3 Qd8 16. exd5 Na5 17. d6 Bxd6 {1-0 (38) Nivala,T (2180)-Kivimaki,J (2214) Finland 2002}) 12. c4 ({White should try} 12. Bg3 $11 Qd8 13. h3) 12... cxd4 $15 13. exd4 Qd8 14. c5 Nd7 15. Bxe7 Qxe7 16. cxb6 axb6 17. a3 Rfc8 18. Rc3 Qf6 $36 {[%mdl 2048] Black has the initiative.} 19. Rfc1 (19. Bb5 $11 {keeps the balance.}) 19... Nxd4 $17 {Black keeps a firm grip on the game.} 20. Nxd4 Qxd4 21. Nf3 Qf4 22. Qe3 Qxe3 23. fxe3 Rxc3 24. Rxc3 Rc8 25. Rxc8+ Bxc8 {[%mdl 4096] Endgame KBN-KBN} 26. b4 Kf8 27. Kf2 Ke7 28. Bb5 Kd6 29. Be2 Nf6 30. h3 Ne4+ 31. Ke1 e5 32. Nd2 {[#]} (32. Bd1 $17) 32... Nc3 $1 $19 33. h4 g5 34. hxg5 hxg5 35. Bd3 Bd7 36. g3 (36. Bc2 $142) 36... Bb5 (36... e4 $142 37. Bc2 Ke5) 37. Nb1 $2 (37. Bxb5 Nxb5 38. Nb1) 37... Nxb1 (37... Bxd3 $2 38. Nxc3 f5 39. a4 $19) 38. Bxb1 {KB-KB} e4 39. Kd2 Ba4 40. Kc3 Ke5 41. Ba2 b5 42. Kd2 f6 43. g4 d4 44. Bf7 (44. exd4+ $142 Kxd4 45. Bf7 e3+ 46. Ke1) 44... dxe3+ {[%mdl 64] Overworked Piece} 45. Kxe3 Bd1 46. Be8 Bxg4 47. Bxb5 f5 48. a4 f4+ 49. Kd2 e3+ 50. Kc3 Bf3 51. Be8 g4 52. Bh5 Bd1 53. b5 Bxa4 54. b6 Bc6 55. Bxg4 f3 56. Bc8 f2 57. Ba6 Bf3 $2 (57... Ke4 {mates} 58. Be2 Bd5 59. Kb2 Kd4 60. Ba6 Bc4 61. b7 f1=Q 62. b8=Q Bxa6 63. Qd8+ Ke4 64. Qa8+ Kf4 65. Qf8+ Kg3 66. Qg7+ Kf2 67. Qf6+ Kg1 68. Qe6 Qb5+ 69. Kc3 Qd3+ 70. Kb2 e2 71. Qb6+ Kg2 72. Qc6+ Kg3 73. Qc7+ Kh3 74. Qc1 Qb5+ 75. Ka3 Qa5+ 76. Kb3 e1=Q 77. Qh6+ Qh4 78. Qe6+ Qg4 79. Qxg4+ Kxg4 80. Kb2 Qb4+ 81. Kc2 Qa3 82. Kd2 Kf3 83. Kd1 Qb2 84. Ke1 Qe2#) 58. Be2 $2 {[%mdl 8192]} (58. Bf1 $17) 58... Kd6 {Black mates.} 59. b7 {[#]} Kc7 $1 60. Bf1 e2 {Accuracy: White = 58%, Black = 83%.} 0-1

[Event "Irish Championship 2020"]
[Site "Dublin"]
[Date "2020.08.06"]
[Round "6.10"]
[White "Kanyamarala, Trisha"]
[Black "O'Connor, Jonathan"]
[Result "1/2-1/2"]
[WhiteElo "2193"]
[BlackElo "2159"]
[Annotator "TA"]
[PlyCount "77"]
[EventDate "2020.08.01"]
[EventType "swiss"]
[EventCountry "IRL"]
[SourceTitle "playchess.com"]
[Source "ChessBase"]
[SourceQuality "1"]

{[%evp 23,77,-27,-34,-23,0,0,7,-9,0,0,18,18,20,4,11,4,15,3,3,2,2,2,2,1,1,-29,7,4,76,64,139,0,45,0,147,139,135,91,91,93,126,123,341,135,115,0,0,0,0,0,0,0,0,0,0,0]} 1. d4 Nf6 2. c4 g6 3. Nc3 d5 4. cxd5 Nxd5 5. e4 Nxc3 6. bxc3 Bg7 7. Nf3 c5 8. Be3 Qa5 9. Qd2 O-O 10. Be2 Nc6 11. Rd1 Rd8 12. O-O Bg4 13. Qb2 {D85: Exchange Grünfeld: Unusual White 7th moves and lines with 7 Nf3.} cxd4 14. cxd4 b6 {[#]} 15. a3 $146 ({Predecessor:} 15. Bd2 Qh5 16. h3 Nxd4 17. Nxd4 Bxe2 {0-1 (17) Merkulov,K (1976)-Abdulyazanov,M (2305) Uljanovsk 2007}) 15... Bxf3 16. Bxf3 Qa4 {[%cal Rc6d4]} 17. e5 {And now Qc3 would win.} Rac8 18. Be2 {Threatens to win with Bb5.} Na5 $1 19. Rc1 Nc4 20. Bxc4 Rxc4 21. Rxc4 Qxc4 22. Rc1 Qd5 {Black wants to play ...Bxe5!} 23. Qb4 $36 {[%mdl 2048] White has some pressure.} Bf8 24. h3 f6 (24... e6 $5 {[%cal Rf8b4]} 25. Qb2 Qd7 $11) 25. Qa4 a5 (25... Rd7 $11) 26. Rb1 $16 Rb8 (26... Qe6 $14) 27. Rc1 (27. Rb5 $16 Qa2 28. d5) 27... Rd8 $14 28. Rb1 ({Better is} 28. g3 $14) 28... Rb8 $1 $16 29. Rb5 Qa2 30. Rb3 b5 31. Rxb5 Rxb5 32. Qxb5 Qxa3 $2 {[#]} (32... Qa1+ $16 33. Kh2 Qxa3) 33. Qc4+ $2 (33. e6 $1 $18 {and the rest is easy. Threatening mate with Qe8!} Qa2 34. d5) 33... Kg7 {[#]} 34. exf6+ ({White has to play} 34. e6 $1 $16) 34... exf6 $11 {The position is equal.} 35. Qc7+ Kg8 36. Qc4+ Kg7 37. Qc7+ Kg8 38. Qc4+ Kg7 39. Qc7+ {Accuracy: White = 69%, Black = 71%.} 1/2-1/2

[Event "Irish Championship 2020"]
[Site "Dublin"]
[Date "2020.08.06"]
[Round "6.11"]
[White "Collins, Adam"]
[Black "Moran, Darragh"]
[Result "1-0"]
[WhiteElo "1760"]
[BlackElo "1873"]
[Annotator "NA RC"]
[PlyCount "95"]
[EventDate "2020.08.01"]
[EventType "swiss"]
[EventCountry "IRL"]
[SourceTitle "playchess.com"]
[Source "ChessBase"]
[SourceQuality "1"]
[TimeControl "8100+35"]

{[%evp 8,84,11,-19,-7,-9,0,2,-5,-18,-15,-27,-10,-37,-32,-36,-17,-26,-45,-72,32767,-66,-68,-75,-60,-62,-56,32767,-59,-73,-63,-66,-54,32767,32767,32767,32767,32767,32767,-82,-79,32767,-114,-135,32767,32767,354,393,32767,32767,484,32767,32767,32767,32767,638,599,675,629,459,878,584,654,688,481,529,566,717,557,766,689,32767,608,32767,32767,32767,681,835,915]} 1. b3 {[%emt 2:15:35]} d5 {[%emt 0:18:39]} 2. Bb2 {[%emt 0:00:00]} Bg4 {[%emt 0:00:03]} 3. g3 {[%emt 0:00:00]} Nd7 {[%emt 0:00:23]} 4. Bg2 {[%emt 0:00:00]} Ngf6 {[%emt 0:00:38]} 5. d3 {[%emt 0:00:00]} e5 {[%emt 0:02:27]} 6. Nd2 {[%emt 0:00:00] A01: Nimzowitsch-Larsen Opening.} Bd6 {[%emt 0:00:12] [#]} 7. h3 $146 {[%emt 0:00:00]} ({Predecessor:} 7. c4 c6 8. Qc2 O-O 9. Ngf3 Re8 10. h3 Bxf3 11. exf3 Nc5 12. O-O Qd7 13. d4 exd4 14. Bxd4 {1-0 (27) Leskovar,M (2273)-Fernandez,J (1994) Mar de Ajo 2017}) 7... Be6 {[%emt 0:01:54]} 8. e3 {[%emt 0:00:00]} O-O {[%emt 0:01:06]} 9. Ne2 {[%emt 0:00:00]} Qe7 {[%emt 0:03:16]} 10. a3 {[%emt 0:00:00]} Rfe8 {[%emt 0:02:36]} 11. O-O {[%emt 0:00:00]} Rac8 {[%emt 0:07:30]} 12. Nf3 {[%emt 0:00:00]} c6 {[%emt 0:06:07]} 13. Ng5 {[%emt 0:00:00]} Bf5 {[%emt 0:07:25]} 14. Nf3 {[%emt 0:00:00]} h6 {[%emt 0:07:00]} 15. Re1 {[%emt 0:00:00]} e4 {[%emt 0:07:35]} 16. dxe4 {[%emt 0:00:00]} dxe4 {[%emt 0:03:03]} ({Of course not} 16... Qxe4 $6 17. Nfd4 $14) 17. Ned4 {[%emt 0:00:00]} Bh7 {[%emt 0:06:15]} 18. Nd2 {[%emt 0:00:00]} Ne5 {[%emt 0:01:53]} 19. Qe2 {[%emt 0:00:00]} a6 {[%emt 0:07:48]} 20. b4 {[%emt 0:00:00]} c5 {[%emt 0:05:00]} 21. bxc5 {[%emt 0:00:00]} Rxc5 {[%emt 0:09:46]} 22. a4 {[%emt 0:00:00]} Rc7 {[%emt 0:05:35]} 23. Red1 {[%emt 0:00:00]} Rec8 {[%emt 0:02:20]} 24. a5 {[%emt 0:00:00]} Bb4 {[%emt 0:07:42]} 25. Rdb1 {[%emt 0:00:00]} Qc5 {[%emt 0:15:42]} 26. Ra4 {[%emt 0:02:37]} g5 $2 {[%emt 0:10:34]} (26... Bxd2 $15 {keeps the upper hand.} 27. Qxd2 {[#]} Nf3+ $1 {[%mdl 512]} 28. Nxf3 exf3 29. Bxf6 fxg2) 27. N4b3 {[%emt 0:02:55]} Qxc2 {[%emt 0:04:00]} 28. Rxb4 {[%emt 0:03:58]} Nd3 {[%emt 0:01:19]} 29. Rb6 {[%emt 0:02:00]} Nxb2 {[%emt 0:02:14]} 30. Rxf6 {[%emt 0:01:39]} Nc4 {[%emt 0:01:10]} 31. Rxh6 {[%emt 0:03:32]} Nxd2 {[%emt 0:01:10]} 32. Nxd2 {[%emt 0:00:05]} Rd8 {[%emt 0:00:23]} 33. Rd1 {[%emt 0:01:14]} Rcd7 {[%emt 0:00:44]} (33... Bg6 $142 34. Rxg6+ {[%mdl 64] Remove Defender} fxg6 35. Bxe4 Qb2) 34. Rxh7 {[%emt 0:00:31]} Rxd2 {[%emt 0:00:36]} 35. Rxd2 {[%emt 0:00:13]} Rxd2 {[%emt 0:00:35] [#]} 36. Qh5 $1 {[%emt 0:00:12] Double Attack} Qd1+ {[%emt 0:00:40]} 37. Kh2 {[%emt 0:00:27]} Qxh5 {[%emt 0:00:35]} 38. Rxh5 {[%emt 0:00:02]} f6 {[%emt 0:00:18]} 39. Bxe4 {[%emt 0:00:49]} Rxf2+ {[%emt 0:00:15]} 40. Kg1 {[%emt 0:00:04]} Re2 {[%emt 0:00:54]} 41. Bxb7 {[%emt 0:01:06]} Rxe3 $18 {[%emt 0:00:01]} 42. Bxa6 {[%emt 0:00:36]} Rxg3+ {[%emt 0:00:04]} 43. Kf2 {[%emt 0:00:07]} Ra3 {[%emt 0:00:08]} 44. Bc4+ {[%emt 0:00:04]} Kg7 {[%emt 0:00:38]} 45. a6 {[%emt 0:00:05]} Rc3 {[%emt 0:00:11]} 46. Be2 {[%emt 0:00:34]} Rc8 {[%emt 0:00:18]} 47. Bd3 {[%emt 0:00:25]} Rd8 {[%emt 0:01:33]} 48. a7 {[%emt 0:00:25]} 1-0

[Event "Irish Championship 2020"]
[Site "Dublin"]
[Date "2020.08.06"]
[Round "6.12"]
[White "O`Gorman, Alice"]
[Black "Jackson, Carl"]
[Result "1-0"]
[WhiteElo "1904"]
[BlackElo "2021"]
[Annotator "TA"]
[PlyCount "65"]
[EventDate "2020.08.01"]
[EventType "swiss"]
[EventCountry "IRL"]
[SourceTitle "playchess.com"]
[Source "ChessBase"]
[SourceQuality "1"]

{[%evp 14,65,0,-10,0,-37,-37,-38,-40,-33,0,0,0,0,19,7,9,13,32,0,0,0,0,0,0,-8,0,0,59,65,72,45,53,47,287,273,608,606,561,556,662,615,1069,1036,1957,1775,29972,29973,29977,29978,29992,29993,29993,29994]} 1. e4 b6 2. d4 Bb7 3. Nc3 e6 4. Nf3 Bb4 5. Bd3 Nf6 6. Qe2 d5 7. e5 Ne4 8. Bd2 {[%cal Rc3e4]} (8. Bxe4 $2 dxe4 9. Ng5 Qxd4 $17) 8... Nxd2 {B00: Queen's Fianchetto Defence, Nimzowitsch Defence.} 9. Nxd2 (9. Qxd2 {feels hotter.} O-O 10. O-O c5 11. a3 Ba5 12. Rfb1) 9... c5 {Strongly threatening ...c4.} 10. Qg4 Bxc3 {Black is slightly better.} 11. bxc3 g6 12. h4 h5 13. Qf4 Ba6 14. Nf3 Bxd3 15. cxd3 Nc6 16. Ng5 $40 {[%csl Gg5][%cal Rf4f7][%mdl 128] [#] White attacks.} Qe7 17. O-O cxd4 18. cxd4 O-O {[#]} 19. Nf3 $146 {next Qh6 is good for White.} ({Predecessor:} 19. Rae1 Nb4 20. Re3 f6 21. Nh3 Qg7 22. exf6 Rxf6 23. Qd6 Qf8 24. Qd7 Qe8 25. Qc7 {1-0 (39) Manca,F (2399)-Ferro,M (2242) Spoleto 2011}) 19... Kg7 20. a3 f6 (20... Rfc8 $11) 21. exf6+ $14 Rxf6 22. Qg3 {Rfc1 is the strong threat.} Rc8 23. Rfc1 {Hoping for Ra2.} Qe8 $2 {[#] Now Black is done in.} (23... Rff8 $1 $14) 24. Rc2 $1 $18 Ne7 $2 (24... Qd7) 25. Rac1 Rxc2 26. Rxc2 Kg8 27. Qe5 Qf8 28. Ng5 Nf5 29. Nxe6 Qe7 30. Rc8+ {White mates.} Kh7 31. Ng5+ Kh6 32. Rh8+ Kg7 33. Rh7+ {[%mdl 64] Skewer. Accuracy: White = 83%, Black = 49%.} 1-0

[Event "Irish Championship 2020"]
[Site "Dublin"]
[Date "2020.08.06"]
[Round "6.13"]
[White "O'Connell, Gerard"]
[Black "Carroll, Peter"]
[Result "1-0"]
[WhiteElo "2075"]
[BlackElo "2009"]
[Annotator "TA"]
[PlyCount "43"]
[EventDate "2020.08.01"]
[EventType "swiss"]
[EventCountry "IRL"]
[SourceTitle "playchess.com"]
[Source "ChessBase"]
[SourceQuality "1"]

{[%evp 16,43,29,27,35,15,19,6,10,14,12,0,59,8,2,0,63,48,64,57,57,-29,-13,-93,1027,1011,29997,29998,29998,29999]} 1. d4 Nf6 2. c4 e6 3. Nc3 Bb4 4. e3 O-O 5. Bd3 b6 6. Nf3 Bb7 7. O-O Bxc3 8. bxc3 Ne4 9. Nd2 f5 {E43: Nimzo-Indian: Rubinstein: 4...b6.} ({Avoid the trap} 9... Nxc3 $2 10. Qc2 $18) 10. f3 Nxd2 11. Bxd2 Nc6 {The position is equal.} 12. e4 fxe4 13. fxe4 e5 (13... Rxf1+ $11 14. Qxf1 Qh4) 14. Qh5 (14. d5 $1 $14) 14... Qe7 $11 {[#]} 15. Bg5 $146 {[%mdl 2048] White has some pressure.} ({Predecessor:} 15. Rf5 exd4 16. Raf1 g6 17. Rxf8+ Rxf8 18. Rxf8+ Qxf8 19. Qg5 Qc5 20. Qg3 dxc3+ 21. Be3 Qe5 22. Bf4 Qd4+ 23. Kf1 Nb4 {0-1 (23) Maurer,F-Contin,D (2380) Imperia 1990}) 15... Qd6 (15... Qa3 $11 16. d5 Ne7) 16. c5 $14 bxc5 {[%cal Bb6c5,Bc5d4][%mdl 32]} 17. Bc4+ Kh8 18. Bf7 ({White should play} 18. d5 $1 $14 Na5 19. Be2) 18... cxd4 19. Rf3 (19. Rad1 $1 $11 {keeps the balance.}) 19... Ne7 $2 {[%mdl 8192]} (19... dxc3 $17 20. Kh1 Nd4) 20. Bxe7 $1 $18 Qxe7 {[#]} 21. Qxh7+ $1 {[%mdl 512]} Kxh7 22. Rh3+ {Accuracy: White = 62%, Black = 42%.} 1-0

[Event "Irish Championship 2020"]
[Site "Dublin"]
[Date "2020.08.06"]
[Round "6.14"]
[White "Byrne, Alex"]
[Black "Mirza, Diana"]
[Result "0-1"]
[WhiteElo "1976"]
[BlackElo "1939"]
[Annotator "TA"]
[PlyCount "62"]
[EventDate "2020.08.01"]
[EventType "swiss"]
[EventCountry "IRL"]
[SourceTitle "playchess.com"]
[Source "ChessBase"]
[SourceQuality "1"]

{[%evp 9,62,-20,-14,-20,-14,-60,-56,-64,-57,-70,-36,-37,-48,-32,-27,-37,6,-28,-17,-43,-38,-46,15,0,14,21,28,0,2,2,0,-10,-22,-60,22,0,22,-16,-21,-120,-103,-141,-140,-353,-340,-2870,-2502,-29983,-29984,-29996,-29997,-29997,-29998,-29998,-29999]} 1. e4 c5 2. a3 Nc6 3. b4 e5 4. b5 Nd4 5. c3 Ne6 6. Nf3 {B20: Sicilian: Unusual White 2nd moves.} Nf6 7. Qc2 d5 8. d3 {Black is slightly better.} Bd6 {[#]} 9. g3 $146 ({Predecessor:} 9. Nbd2 O-O 10. g3 Re8 11. exd5 Nxd5 12. Bg2 Bf8 13. O-O f6 14. Re1 b6 15. Bb2 {½-½ (40) Pechac,J (2448)-Shengelia,D (2570) Stara Lubovna 2017}) 9... Bd7 10. exd5 Nxd5 11. Bg2 O-O ({And not} 11... Bxb5 12. c4 $16) 12. O-O Ne7 13. a4 a6 14. bxa6 Rxa6 15. Nbd2 b5 ({Black should try} 15... Bc6 $15) 16. Ne4 Qc7 17. Re1 f6 18. Nxd6 Qxd6 19. d4 exd4 20. cxd4 cxd4 21. Qd3 b4 ({Don't go for} 21... Rxa4 $2 22. Rxa4 bxa4 23. Ba3 $18) ({Better is} 21... Nd5 $15) 22. Bd2 {Hoping for Bxb4!} Ra5 ({But not} 22... Rxa4 $2 23. Rxa4 Bxa4 24. Qc4 $18) 23. Qb3 Nd5 $36 {[%mdl 2048] Black fights for an advantage.} 24. Nh4 (24. Bh3 $11 {remains equal.}) 24... Nc3 $17 25. Bh3 {[%cal Rh3e6]} Re8 26. Nf5 $2 {[#] This move loses the game for White.} (26. Bf4 $17 {might work better.} Qc6 27. Qxb4 Nxf4 {[%mdl 64] Discovered Attack} 28. gxf4) 26... Qd5 $1 $19 {[%cal Rd5b3]} 27. Qxb4 $2 (27. Qxd5 Rxd5 28. Rac1) 27... Bc6 {[%csl Gc6][%cal Rd5h1]} 28. f3 {[#]} Qxf3 $1 {[%mdl 512] Black mates.} 29. Bxc3 Qh1+ 30. Kf2 Qxh2+ {[%mdl 64] Double Attack} 31. Kf1 {[#]} Rxf5+ $1 {[%mdl 512] Accuracy: White = 49%, Black = 69%.} 0-1

[Event "Irish Championship 2020"]
[Site "Dublin"]
[Date "2020.08.06"]
[Round "6.15"]
[White "Putar, Lara"]
[Black "Melaugh, Shane"]
[Result "0-1"]
[WhiteElo "1834"]
[BlackElo "2161"]
[Annotator "TA"]
[PlyCount "66"]
[EventDate "2020.08.01"]
[EventType "swiss"]
[EventCountry "IRL"]
[SourceTitle "playchess.com"]
[Source "ChessBase"]
[SourceQuality "1"]

{[%evp 17,66,32,58,57,59,38,63,24,30,31,30,11,48,-6,8,16,41,8,19,-107,-108,-117,-119,-353,-360,-403,-355,-373,-352,-339,-266,-272,-277,-277,-277,-274,-271,-295,-242,-350,-350,-447,-448,-540,-534,-442,-378,-584,-589,-817,-797]} 1. d4 e6 2. c4 f5 3. Nf3 Nf6 4. g3 Be7 5. Bg2 O-O 6. O-O d6 7. Nc3 Ne4 8. Qc2 Nxc3 9. Qxc3 {9.bxc3 deserves study.} Bf6 10. b4 {A96: Classical Dutch: Fluid Systems: Early deviations.} Nd7 {[%cal Bb8d7,Bd7c5,Bc5e4][%mdl 32]} 11. Bb2 {[#]} c5 $146 ({Predecessor:} 11... Qe7 12. Qb3 a5 13. a3 c6 14. Rfe1 d5 15. bxa5 g5 16. Bc3 Qg7 17. Qb2 Bd8 {1-0 (36) Schmidt,W (2435)-Talla,V (2413) Legnica 2006}) 12. bxc5 {White is slightly better.} Nxc5 13. Qc2 Ne4 14. Rfd1 Bd7 15. Rac1 (15. Nd2 $14) 15... Qa5 {White must now prevent ...Ba4.} 16. Nd2 Nxd2 17. Rxd2 Rac8 18. e4 {[#]} (18. Rd3 $11) 18... Rxc4 $1 $17 {[%mdl 512]} 19. Qxc4 Qxd2 20. Qb3 $2 {White does not recover from this.} (20. Qc2 $17 Qxc2 21. Rxc2) 20... Bxd4 $19 21. Rb1 Qxf2+ 22. Kh1 Bxb2 23. Qxb7 Bc8 24. Qxb2 Qxb2 25. Rxb2 fxe4 26. Bxe4 {[%mdl 4096] Endgame KRB-KRB} d5 27. Bg2 Kf7 28. Bh3 (28. Rc2 {is a better defense.}) 28... Ke7 29. Kg2 Ba6 {Hoping for ...Bf1+.} 30. Bg4 Kd6 31. Rb3 Rc8 32. Kf3 (32. Ra3 $142 Rc2+ 33. Kg1) 32... Rc2 {[%mdl 64] [#] Double Attack} 33. Ra3 Be2+ {Accuracy: White = 30%, Black = 81%.} 0-1

[Event "Irish Championship 2020"]
[Site "Dublin"]
[Date "2020.08.06"]
[Round "6.16"]
[White "McHugh, Kevin"]
[Black "Goss, Alex"]
[Result "1/2-1/2"]
[WhiteElo "2010"]
[BlackElo "1828"]
[Annotator "TA"]
[PlyCount "39"]
[EventDate "2020.08.01"]
[EventType "swiss"]
[EventCountry "IRL"]
[SourceTitle "playchess.com"]
[Source "ChessBase"]
[SourceQuality "1"]

{[%evp 10,39,37,32,27,13,33,8,30,26,51,0,0,0,0,0,16,0,56,52,93,0,0,0,25,12,13,0,17,0,0,0]} 1. e4 e6 2. d4 d5 3. Nd2 a6 4. Bd3 c5 5. dxc5 Bxc5 6. Ngf3 Nf6 {C07: French Tarrasch: 3...c5, 4 Ngf3 and 4 exd5 Qxd5.} 7. exd5 Nxd5 8. Ne4 (8. O-O {is more complex.} Be7 9. Nc4 Nd7 10. c3 O-O 11. Nce5) 8... Be7 9. O-O O-O {[#]} 10. Re1 $146 (10. c4 $5 {[%cal Rc4d5]} Nb4 11. Bb1 $14) ({Predecessor:} 10. c4 Nb4 11. Bb1 Qxd1 12. Rxd1 a5 13. Be3 f5 14. Nc3 f4 15. Bd4 Nd7 16. Na4 {1-0 (35) Smeets,J (2615)-Nikolic,P (2619) Wijk aan Zee 2013}) 10... Nb4 11. Be2 Qc7 12. c4 Rd8 13. Qb3 f5 (13... b6 $11) 14. Ng3 $14 a5 {[#]} 15. Bg5 (15. Nh5 $1 $16) 15... Bxg5 $11 16. Nxg5 N8a6 {[%cal Bb8a6,Ba6c5,Bc5a4][%mdl 32]} 17. a3 Nc5 {The position is equal.} 18. Qc3 Na4 19. Qb3 Nc5 20. Qc3 {Accuracy: White = 82%, Black = 78%.} 1/2-1/2

[Event "Irish Championship 2020"]
[Site "Dublin"]
[Date "2020.08.07"]
[Round "7.1"]
[White "Daly, Colm"]
[Black "Delaney, Killian"]
[Result "1-0"]
[WhiteElo "2248"]
[BlackElo "2314"]
[Annotator "ChessBase"]
[PlyCount "79"]
[EventDate "2020.08.01"]
[EventType "swiss"]
[EventCountry "IRL"]
[SourceTitle "playchess.com"]
[Source "ChessBase"]
[SourceQuality "1"]
[TimeControl "8100+35"]

1. d4 {[%emt 0:04:11]} d5 {[%emt 0:08:51]} 2. c4 {[%emt 0:04:36]} dxc4 {[%emt 0:00:48]} 3. Nf3 {[%emt 0:00:30]} Nf6 {[%emt 0:00:13]} 4. e3 {[%emt 0:00:09]} e6 {[%emt 0:00:05]} 5. Bxc4 {[%emt 0:00:06]} a6 {[%emt 0:00:05]} 6. O-O {[%emt 0:03:23]} b5 {[%emt 0:00:26]} 7. Bd3 {[%emt 0:00:12]} Bb7 {[%emt 0:00:09]} 8. a4 {[%emt 0:00:29]} b4 {[%emt 0:00:07]} 9. Qe2 {[%emt 0:01:17]} c5 {[%emt 0:02:39]} 10. Nbd2 {[%emt 0:01:59]} Nbd7 {[%emt 0:02:49]} 11. e4 {[%emt 0:00:38]} cxd4 {[%emt 0:00:57]} 12. e5 {[%emt 0:00:12]} Nd5 {[%emt 0:00:44]} 13. Ne4 {[%emt 0:00:06]} Qc7 {[%emt 0:18:54]} 14. Re1 {[%emt 0:28:13]} Be7 {[%emt 0:24:57]} 15. Neg5 {[%emt 0:31:28]} h6 {[%emt 0:15:08]} 16. Nxe6 {[%emt 0:17:36]} fxe6 {[%emt 0:00:18]} 17. Bg6+ {[%emt 0:00:04]} Kd8 {[%emt 0:00:06]} 18. Nxd4 {[%emt 0:00:16]} Nf8 {[%emt 0:00:16]} 19. Bf7 {[%emt 0:04:52]} Bc5 {[%emt 0:07:03]} 20. Nxe6+ {[%emt 0:00:36]} Nxe6 {[%emt 0:00:03]} 21. Bxe6 {[%emt 0:00:20]} Rf8 {[%emt 0:00:06]} 22. Be3 {[%emt 0:17:47]} Nxe3 {[%emt 0:01:34]} 23. fxe3 {[%emt 0:01:15]} Qxe5 {[%emt 0:00:36]} 24. Rad1+ {[%emt 0:01:37]} Ke8 {[%emt 0:20:00]} 25. Qg4 {[%emt 0:07:26]} Bd6 {[%emt 0:00:59]} 26. Rxd6 {[%emt 0:01:54]} Qxd6 {[%emt 0:00:25]} 27. Rd1 {[%emt 0:00:23]} Qxd1+ {[%emt 0:02:59]} 28. Qxd1 {[%emt 0:00:07]} Rd8 {[%emt 0:00:07]} 29. Qh5+ {[%emt 0:01:41]} Ke7 {[%emt 0:00:09]} 30. Bb3 {[%emt 0:00:41]} Rf6 {[%emt 0:21:44]} 31. Qg4 {[%emt 0:03:18]} Bd5 {[%emt 0:01:12]} 32. Qxb4+ {[%emt 0:02:35]} Kf7 {[%emt 0:00:40]} 33. Qb7+ {[%emt 0:00:13]} Ke6 {[%emt 0:00:05]} 34. Qxa6+ {[%emt 0:02:25]} Ke5 {[%emt 0:01:05]} 35. Qa5 {[%emt 0:01:52]} Rfd6 {[%emt 0:00:22]} 36. h3 {[%emt 0:00:54]} Ke4 {[%emt 0:00:41]} 37. Qb4+ {[%emt 0:00:52]} Kxe3 {[%emt 0:00:17]} 38. Qc3+ {[%emt 0:01:04]} Kf4 {[%emt 0:00:25]} 39. Bxd5 {[%emt 0:00:47]} Rxd5 {[%emt 0:00:02]} 40. Qxg7 {[%emt 0:00:15]} 1-0